| 000 | 00374nam a22001457a 4500 | ||
|---|---|---|---|
| 008 | 230629b xxu||||| |||| 00| 0 eng d | ||
| 020 | _a03452328 | ||
| 082 |
_a337 _bCHI |
||
| 100 | _cBrian Urguhart | ||
| 245 | _aTowards a More Effective united Nations | ||
| 260 |
_asweden _bDag Hammarsk, jold Foundation |
||
| 300 | _a96p | ||
| 700 | _cErskine Childers | ||
| 942 |
_2ddc _cBK |
||
| 999 |
_c2969 _d2969 |
||